000 00754nam a2200157Ia 4500
008 100122s9999 xx 000 0 und d
082 _b62276
_a80
100 _aनारायण जयप्रकाश
245 _aजयप्रकाश नारायण यांचे एकशे एक मौलिक विचार
260 _bलोकवाड.मय गृह प्रकाशन
_c2002
300 _a25
630 _aजयप्रकाश नारायण यांचे एकशे एक मौलिक विचार
700 _aबंद्रे प्रकाश
730 _aजयप्रकाश नारायण यांचे एकशे एक मौलिक विचार
942 _cBOOK
999 _c436663
_d436660